000 00395nam a2200145 i 4500
001 39439
003 ES-MaACL
005 20230906160000.0
007 t|
008 030303s1900 sp ||||1| spa d
100 1 _aCampo, Agustín del.
_934189
245 1 3 _aLa provincia de Santander en la cartera /
_cAntonio del Campo.
260 _aSantander :
_b[s.n.,
_c1900]
852 _aES-MaACL
_j1593-F-21
999 _c39439
_d39439